[Event "HCL-B266"]
[Site "www.playchess.de"]
[Date "2001.04.17"]
[Round "21"]
[White "PieceSeeker"]
[Black "lonewolf"]
[WhiteElo "1269"]
[BlackElo "1615"]
[PlyCount "62"]
[Result "0-1"]

1.e4 c5 2.Nf3 Nc6 3.d4 cxd4 4.Nxd4 d6 5.Nc3 Nf6 
6.Nxc6 bxc6 7.Be2 e5 8.O-O Rb8 9.Bf3 Be7 10.b3 O-O 
11.Re1 d5 12.exd5 cxd5 13.Nxd5 Nxd5 14.Bxd5 Bb4 
15.Re3 Bb7 16.Rd3 Bxd5 17.Rxd5 Bc3 18.Rb1 Qf6 
19.Be3 Rbd8 20.Bxa7 Bd4 21.Rxd8 Qxf2+ 22.Kh1 Rxd8 
23.c3 Qxa2 24.Bxd4 exd4 25.cxd4 Rxd4 26.Qe1 h6 
27.b4 Rg4 28.Qg1 Rxg2 29.Qf1 Rxh2+ 30.Kg1 Rh5 
31.b5 Qh2+ 0-1

[Event "HCL-C243"]
[Site "www.playchess.de"]
[Date "2001.04.17"]
[Round "19"]
[White "DJFisherman"]
[Black "guigao"]
[WhiteElo "1000"]
[BlackElo "1425"]
[PlyCount "28"]
[Result "0-1"]

1.Na3 e5 2.Nc4 Nc6 3.e4 d5 4.exd5 Qxd5 5.Ne3 Qa5 
6.c3 Nf6 7.b4 Qb6 8.Nc4 Qa6 9.b5 Qxb5 10.Nd6+ Bxd6 
11.Bxb5 Bd7 12.d3 h6 13.Ne2 a6 14.Bxc6 
Bxc6 0-1

[Event "HCL-C266"]
[Site "www.playchess.de"]
[Date "2001.04.17"]
[Round "7"]
[White "Flunki"]
[Black "xerxes2u"]
[WhiteElo "1000"]
[BlackElo "1496"]
[PlyCount "66"]
[Result "0-1"]

1.e4 d6 2.d4 Nf6 3.Nc3 g6 4.e5 dxe5 5.d5 Bg7 6.Nf3 
c6 7.Bc4 O-O 8.Bg5 cxd5 9.Nxd5 Be6 10.Nxf6+ exf6 
11.Qxd8 Rxd8 12.Bxe6 fxe6 13.Be3 Nc6 14.O-O b6 
15.c3 e4 16.Nd2 f5 17.Bg5 Rdf8 18.Rad1 Ne5 19.b4 
Nf7 20.Be7 Rfe8 21.Bh4 Bxc3 22.a3 a5 23.Nc4 Ra6 
24.Rd7 axb4 25.axb4 Bxb4 26.g3 g5 27.Bxg5 Nxg5 
28.Ne5 Bc5 29.Kg2 Ra2 30.Kh1 Bxf2 31.Rc1 e3 
32.Rcc7 Ra1+ 33.Kg2 Rg1+ 0-1

[Event "ACL-A141"]
[Site "www.playchess.de"]
[Date "2001.04.17"]
[Round "20"]
[White "Zynaps"]
[Black "ulibear"]
[WhiteElo "1791"]
[BlackElo "1299"]
[PlyCount "41"]
[Result "1-0"]

1.e4 e6 2.d4 d5 3.Nd2 c5 4.exd5 Qxd5 5.Ngf3 cxd4 
6.Bc4 Qd8 7.O-O Nc6 8.Nb3 Be7 9.Nbxd4 Nxd4 10.Nxd4 
Bd7 11.Nb5 Bc6 12.Bf4 Kf8 13.Qe2 Bxb5 14.Bxb5 Qb6 
15.Rfd1 Nf6 16.Be5 Nd5 17.c4 Nc7 {pitiful defence 
I must admit i}  18.Rd7 {I think ...Nf6 would have 
been better}  Nxb5 19.cxb5 Rg8 {perhaps to late 
for prophylactic moves, anyway}  20.Bd4 Bc5 
21.Qf3 1-0

[Event "HCL-C266"]
[Site "www.playchess.de"]
[Date "2001.04.17"]
[Round "20"]
[White "MEATHEAD"]
[Black "Flunki"]
[WhiteElo "1015"]
[BlackElo "1000"]
[PlyCount "69"]
[Result "1/2-1/2"]

1.e4 e5 2.Qf3 Nf6 3.d4 d5 4.dxe5 dxe4 5.Qf4 Bg4 
6.f3 exf3 7.Nxf3 Bd6 8.exd6 Qxd6 9.Qe5+ Qxe5+ 
10.Nxe5 O-O 11.Nxg4 Re8+ 12.Be2 Nxg4 13.Bf4 Nc6 
14.h3 Ne3 15.Bxe3 Rxe3 16.Kf2 Rae8 17.Re1 Nd4 
18.Nc3 Nxc2 19.Rac1 Nxe1 20.Rxe1 c6 21.Nd1 R3e5 
22.g4 g5 23.Nc3 R8e6 24.Rd1 Rf6+ 25.Kg2 b5 26.Rd8+ 
Kg7 27.Bd1 b4 28.Ne2 h5 29.Nd4 hxg4 30.hxg4 Re1 
31.Bc2 Ref1 32.Bf5 Rf4 33.Kg3 c5 34.Ne2 Rf1 
{hrm... now i know why 1 bishop + 1 horse equals 
one rook... ;-)}  35.Rd2 {care for a draw my 
friend?}  1/2-1/2

[Event "HCL-B268"]
[Site "www.playchess.de"]
[Date "2001.04.17"]
[Round "6"]
[White "chucaniam"]
[Black "Franky"]
[WhiteElo "1366"]
[BlackElo "1786"]
[PlyCount "24"]
[Result "0-1"]

1.e4 c5 2.Nf3 e6 3.d4 cxd4 4.Nxd4 a6 5.Nc3 Qc7 
6.Be2 Nf6 7.Be3 Bb4 8.O-O Bxc3 9.bxc3 Nxe4 10.Bd3 
Nxc3 11.Qd2 Nd5 12.c4 Nxe3 0-1

[Event "HCL-B274"]
[Site "www.playchess.de"]
[Date "2001.04.17"]
[Round "6"]
[White "Matu"]
[Black "vijal"]
[WhiteElo "1563"]
[BlackElo "740"]
[PlyCount "65"]
[Result "1-0"]

1.e4 e5 2.Nf3 Nc6 3.Bc4 Bc5 4.c3 Nf6 5.d3 h6 6.a4 
a6 7.b4 Ba7 8.Bb2 d6 9.Nbd2 O-O 10.b5 axb5 11.axb5 
Ne7 12.Bb3 Be6 13.Bxe6 fxe6 14.c4 Ng6 15.g3 c6 
16.bxc6 bxc6 17.O-O Qb6 18.Qc2 Ng4 19.Rab1 Qc7 
20.d4 exd4 21.Bxd4 Bxd4 22.Nxd4 e5 23.Ne6 Qf7 
24.Nxf8 Rxf8 25.Rb3 Nxf2 26.Kg2 Nh4+ 27.gxh4 Qf4 
28.Rf3 Qg4+ 29.Kxf2 Qxh4+ 30.Ke2 Qxh2+ 31.R1f2 Qh5 
32.Kd3 Qg5 33.R3xf8+ 1-0

[Event "HCL-B275"]
[Site "www.playchess.de"]
[Date "2001.04.17"]
[Round "9"]
[White "Savage"]
[Black "Michael"]
[WhiteElo "1435"]
[BlackElo "914"]
[PlyCount "41"]
[Result "1-0"]

1.e4 {Hello}  Nc6 2.Nf3 d5 3.exd5 Qxd5 4.Nc3 Qe6+ 
5.Be2 Nf6 6.d4 Qd7 7.O-O h5 8.Bg5 Nd5 9.Nxd5 Qxd5 
10.c4 Qf5 11.Bd3 Qg4 12.h3 Qe6 13.d5 Qd7 14.dxc6 
bxc6 15.Re1 f6 16.Bg6+ Kd8 17.Bh4 Rh6 18.Bf5 Qd6 
19.Qc2 Qc5 20.Rad1+ Ke8 21.Bg6+ 1-0

[Event "ACL-A142"]
[Site "www.playchess.de"]
[Date "2001.04.17"]
[Round "21"]
[White "hercos"]
[Black "chessnut"]
[WhiteElo "1500"]
[BlackElo "1981"]
[PlyCount "28"]
[Result "0-1"]

1.e4 e6 2.d4 d5 3.Nd2 dxe4 4.Nxe4 Bd7 5.Nf3 Bc6 
6.Bd3 {hi, what do you do ?}  Be7 7.O-O Nf6 
8.Nxf6+ Bxf6 9.c3 O-O 10.Bf4 Nd7 11.Nd2 e5 12.dxe5 
Bxe5 13.Bxe5 Nxe5 14.Nb3 Nxd3 0-1

[Event "HCL-B273"]
[Site "www.playchess.de"]
[Date "2001.04.17"]
[Round "32"]
[White "Bastian2"]
[Black "SAROS"]
[WhiteElo "1500"]
[BlackElo "1266"]
[PlyCount "50"]
[Result "0-1"]

1.e4 c6 2.Nf3 e6 3.Nc3 Bb4 4.a3 Bxc3 5.bxc3 Nf6 
6.d4 Nxe4 7.Qd3 d5 8.Bf4 Qa5 9.Bd2 Nxd2 10.Qxd2 
Nd7 11.c4 Qxd2+ 12.Nxd2 b6 13.cxd5 exd5 14.Bd3 O-O 
15.Bf5 g6 16.Bxd7 Bxd7 17.O-O Rae8 18.Rae1 Rxe1 
19.Rxe1 Re8 20.Rxe8+ Bxe8 21.c4 dxc4 22.Nxc4 Kf8 
23.Nd6 a6 24.Nb7 Ke7 25.a4 a5 0-1

[Event "HCL-C270"]
[Site "www.playchess.de"]
[Date "2001.04.17"]
[Round "18"]
[White "craigsadler"]
[Black "Brazil"]
[WhiteElo "800"]
[BlackElo "1560"]
[PlyCount "42"]
[Result "0-1"]

1.e4 e5 2.Nf3 Nf6 3.Nxe5 d6 4.Nf3 Nxe4 5.d4 Be7 
6.Bd3 Nf6 7.O-O O-O 8.Re1 d5 9.Be3 Be6 10.Bg5 Nbd7 
11.h3 c5 12.c3 c4 13.Bc2 Ne8 14.Rxe6 fxe6 15.Bd2 
Ndf6 16.Bg5 Ne4 17.Bxe7 Qxe7 18.Ne5 Nxf2 19.Qh5 
Ne4 20.Nd2 N8f6 21.Nxe4 Nxh5 0-1

[Event "HCL-A126"]
[Site "www.playchess.de"]
[Date "2001.04.17"]
[Round "9"]
[White "janus"]
[Black "Tinho"]
[WhiteElo "1911"]
[BlackElo "1846"]
[PlyCount "64"]
[Result "0-1"]

1.e4 {Good luck for you and a thrilling game for 
us !!}  c6 2.c4 e5 3.Nf3 d6 4.d4 Nd7 5.Nc3 Ngf6 
6.Be2 Be7 7.O-O O-O 8.b3 a5 9.Bb2 Re8 10.Qc2 Bf8 
11.dxe5 Nxe5 12.Nxe5 dxe5 13.Na4 Qc7 14.c5 Be6 
15.Rfd1 Rad8 16.Nb6 Qe7 17.Rac1 Rxd1+ 18.Bxd1 Nd7 
19.Nxd7 Qxd7 20.Be2 f6 21.Rd1 Qe7 22.Rd6 Qf7 
23.Rxe6 Rxe6 24.Bc4 Qd7 25.a3 g6 26.h3 Kg7 27.Bxe6 
Qxe6 28.b4 axb4 29.axb4 Kf7 30.Qd3 Ke7 31.Bc3 Qd7 
32.Kh2 Qxd3 0-1

[Event "HCL-B284"]
[Site "www.playchess.de"]
[Date "2001.04.17"]
[Round "10"]
[White "mepms"]
[Black "Jags2001"]
[WhiteElo "1500"]
[BlackElo "1564"]
[PlyCount "35"]
[Result "1-0"]

1.e4 {Hello}  e5 2.Nf3 Nc6 3.d4 exd4 4.c3 dxc3 
5.Bc4 cxb2 6.Bxb2 Bb4+ 7.Nc3 Qf6 8.Qb3 Nge7 9.O-O 
O-O 10.Nd5 Qd6 11.e5 Qg6 12.Nxb4 Nxb4 13.Qxb4 d6 
14.exd6 cxd6 15.Rad1 Bh3 16.Ne1 Rfd8 17.Rd3 Bf5 
18.Rg3 1-0

[Event "HCL-B283"]
[Site "www.playchess.de"]
[Date "2001.04.17"]
[Round "20"]
[White "lonewolf"]
[Black "sintetio"]
[WhiteElo "1649"]
[BlackElo "1500"]
[PlyCount "45"]
[Result "1-0"]

1.d4 {Hi,good luck}  e6 2.c4 f5 3.Nf3 Be7 4.e3 Nf6 
5.Be2 c6 6.O-O O-O 7.Qc2 Qc7 8.Nc3 Bd6 9.Bd2 Ng4 
10.g3 b6 11.e4 fxe4 12.Nxe4 Be7 13.Nfg5 Bxg5 
14.Nxg5 Nf6 15.Bd3 g6 16.Bxg6 d5 17.Bd3 a5 18.Bf4 
Qb7 19.cxd5 cxd5 20.Rac1 Na6 21.Be5 Nb4 22.Bxh7+ 
Nxh7 23.Qg6+ 1-0

[Event "HCL-A125"]
[Site "www.playchess.de"]
[Date "2001.04.17"]
[Round "14"]
[White "Translightor"]
[Black "Kasparovjr"]
[WhiteElo "1426"]
[BlackElo "1740"]
[PlyCount "64"]
[Result "0-1"]

1.e4 c5 {Hi :-)}  2.Nf3 {Hi & Good luck!}  d6 3.d4 
cxd4 4.Nxd4 Nf6 5.Nc3 a6 6.Bg5 e6 7.f4 Qb6 8.Qd2 
Qxb2 9.Rb1 Qa3 10.f5 Nc6 11.fxe6 fxe6 12.Nxc6 bxc6 
13.e5 dxe5 14.Bxf6 gxf6 15.Ne4 Be7 16.Be2 h5 
17.Rb3 Qa4 18.Nxf6+ Bxf6 19.c4 Bh4+ 20.g3 Be7 
21.O-O h4 22.Qd3 Qa5 23.Qf3 Qc5+ 24.Kg2 h3+ 25.Kh1 
Rf8 26.Qh5+ Kd8 27.Rd1+ Kc7 28.Qxh3 Rb8 29.Rbd3 
Rb2 {good game!}  30.R3d2 {It's all over soon...}  
Rxd2 {I think the opening line you played favors 
black.}  31.Rxd2 Qf2 32.Qh6 c5 {Now it is!} 
 0-1

[Event "ACL-A153"]
[Site "www.playchess.de"]
[Date "2001.04.17"]
[Round "1"]
[White "andrus"]
[Black "mel"]
[WhiteElo "1500"]
[BlackElo "1500"]
[PlyCount "44"]
[Result "1-0"]

1.d4 h6 2.e4 d5 3.exd5 Qxd5 4.Nc3 Qd7 5.Bb5 c6 
6.Bc4 b5 7.Bb3 a5 8.Nf3 Qg4 9.Bxf7+ Kd8 10.h3 Qxg2 
11.Rh2 Qxh2 12.Nxh2 Nf6 13.d5 Bb7 14.dxc6+ Nfd7 
15.cxb7 Ra6 16.Bf4 Rb6 17.Bxb8 Rxb7 18.Qd5 Rxb8 
19.O-O-O Kc7 20.Qxd7+ Kb6 21.Qxb5+ Kc7 22.Rd7+ 
Kc8 1-0

[Event "HCL-B281"]
[Site "www.playchess.de"]
[Date "2001.04.17"]
[Round "16"]
[White "DrJon"]
[Black "ulibear"]
[WhiteElo "1552"]
[BlackElo "1330"]
[PlyCount "37"]
[Result "1-0"]

1.d4 {have a good game from cheyenne wyoming usa}  
d5 2.Nf3 e6 3.Bg5 Be7 4.Bxe7 {disagreement between 
religious men}  Nxe7 5.e3 b6 6.c4 O-O 7.Qc2 dxc4 
8.Bxc4 Bb7 9.e4 Nd7 10.Nc3 c5 11.Rd1 cxd4 12.Nxd4 
Nd5 {taking some risks :-)}  13.exd5 {yes, that is 
chess}  exd5 14.Bxd5 Re8+ 15.Nde2 {interesting 
play}  Ba6 16.Bxa8 {rook in the side pocket}  Qxa8 
17.Rxd7 Qxg2 {no great choice left for me}  18.Rf1 
{have a good holiday weekend!}  Qf3 19.Rxa7 {yes 
it is thinning out}  1-0

[Event "ACL-A155"]
[Site "www.playchess.de"]
[Date "2001.04.17"]
[Round "4"]
[White "Reverend_Owen"]
[Black "Kasparovjr"]
[WhiteElo "1500"]
[BlackElo "1932"]
[PlyCount "59"]
[Result "1/2-1/2"]

1.e4 c5 2.Nf3 d6 3.d4 cxd4 {Did I say hi?}  4.Nxd4 
{Hi.  I don't recall reading any previous messages 
from you.}  Nf6 {Well, Hi then! Dare I ask what 
software you are using?}  5.Nc3 {I'm using Fritz 
6.  What are you using?}  a6 {Tough one. I am 
using a chessbase6 demo version. Dont know what it 
is, maybe fritz4.}  6.Bg5 e6 7.f4 Qb6 {Poised 
pawn?}  8.Nb3 Be7 9.Qf3 Nbd7 10.O-O-O Qc7 11.Bd3 
b5 12.a3 Rb8 13.Rhe1 b4 14.axb4 Rxb4 15.Kb1 Bb7 
16.Qh3 h6 17.f5 e5 18.g4 O-O 19.Bxh6 gxh6 {Maybe I 
trusted my computer too much, this sure gives you 
a promising attack.}  20.Qxh6 Rb8 21.g5 Bf8 22.Qh4 
Nd5 23.Nxd5 Bxd5 24.g6 fxg6 25.Reg1 Bg7 {Tough 
game!}  26.Rxg6 Bf7 27.Qe7 Bxg6 28.fxg6 Qd8 
29.Qe6+ Kh8 30.Qh3+ 1/2-1/2

[Event "ACL-A149"]
[Site "www.playchess.de"]
[Date "2001.04.17"]
[Round "2"]
[White "Qaurial"]
[Black "cricri"]
[WhiteElo "1837"]
[BlackElo "1500"]
[PlyCount "42"]
[Result "0-1"]

1.e4 d6 2.f4 Nf6 3.Nc3 g6 4.Nf3 Bg7 5.d4 c5 6.dxc5 
Qa5 7.Bb5+ Bd7 8.Qe2 Nxe4 9.Bxd7+ Nxd7 10.Qxe4 
Bxc3+ 11.Kd1 Nxc5 12.Qd5 Bg7 13.c3 O-O 14.Be3 e6 
15.Qc4 Rfc8 16.a4 d5 17.Qb5 Qxb5 18.axb5 Nd3 
19.Rb1 a6 20.bxa6 Rxa6 21.Kd2 Nxb2 0-1

[Event "HCL-A124"]
[Site "www.playchess.de"]
[Date "2001.04.17"]
[Round "31"]
[White "BerndS"]
[Black "LUPES"]
[WhiteElo "1689"]
[BlackElo "1797"]
[PlyCount "46"]
[Result "0-1"]

1.d4 d5 2.c4 dxc4 3.Nf3 c6 4.e3 b5 5.a4 e6 6.axb5 
cxb5 7.b3 Nf6 8.bxc4 bxc4 9.Bxc4 Bb7 10.O-O Nbd7 
11.Nbd2 Qc7 12.Bd3 Qc3 13.Nb3 Bd5 14.Qd2 Qxb3 
15.Rb1 Qa2 16.Qc3 Bxf3 17.gxf3 a5 18.Ra1 Qd5 19.e4 
Bb4 20.Qb2 Qc6 21.Bf4 Qc3 22.Qxc3 Bxc3 23.Ra4 
O-O 0-1

[Event "HCL-A124"]
[Site "www.playchess.de"]
[Date "2001.04.17"]
[Round "35"]
[White "BerndS"]
[Black "Gruhni"]
[WhiteElo "1689"]
[BlackElo "1302"]
[PlyCount "79"]
[Result "1-0"]

1.d4 e6 2.c4 c6 3.Nc3 d5 4.e4 Bb4 5.cxd5 {Du legst 
ja immer ein Tempo vor :)}  Bxc3+ {Tja, was soll 
man an der Arbeit auch anderes machen als Schach 
spielen :)}  6.bxc3 {eben, eben...}  cxd5 7.e5 Ne7 
8.Qg4 Ng6 9.Bd3 Nc6 10.h4 h5 11.Qg3 Nce7 12.Ba3 
Nf5 13.Bxf5 exf5 14.Ne2 Be6 15.Qg5 Qxg5 16.hxg5 
Ne7 17.Rb1 b6 18.Nf4 g6 19.Rb5 Rd8 20.Bxe7 Kxe7 
21.Kd2 Rd7 22.a4 Rc8 23.a5 bxa5 24.Rxa5 Rb8 25.Nd3 
Rdb7 26.Nb4 Kd7 27.Rha1 Ke8 28.R5xa7 Rxa7 29.Rxa7 
Rd8 30.Na6 Rd7 31.Rxd7 Kxd7 32.Nc5+ Ke7 33.Nxe6 
fxe6 34.f4 Kd7 35.Kc2 Kc6 36.Kb3 h4 37.c4 Kc7 
38.c5 Kd7 39.Kb4 {sinnloser Heroismus :)}  Kc6 
40.Ka5 {" "}  1-0

[Event "HCL-A129"]
[Site "www.playchess.de"]
[Date "2001.04.17"]
[Round "10"]
[White "easykiller"]
[Black "janus"]
[WhiteElo "1676"]
[BlackElo "1918"]
[PlyCount "90"]
[Result "0-1"]

1.e4 {Hi again, janus}  Nc6 {Hi easykiller ! Good 
luck for you and a thrilling game again for us !!} 
 2.d4 d5 3.e5 Bf5 4.c3 Qd7 5.Bd3 g6 6.Nf3 Bg7 
7.Bxf5 Qxf5 8.O-O f6 9.exf6 Nxf6 10.Re1 O-O 
11.Nbd2 Nd7 12.Nf1 Nb6 {Good morning ! Are you fit 
to continue our fine game ??}  13.Ng3 {Yes, I am 
fit. We can start ...}  Qd7 {Ok - let´s go !!}  
14.Be3 Rae8 15.b3 e5 16.dxe5 Nxe5 17.Nxe5 Rxe5 
18.Bd4 Rxe1+ 19.Qxe1 Re8 20.Qd2 Bxd4 21.cxd4 Qe6 
22.Kf1 c6 23.Re1 Qxe1+ 24.Qxe1 Rxe1+ 25.Kxe1 Nd7 
26.Ne2 Kf7 27.Kd2 a6 28.Ke3 {Janus, I offer a draw 
!}  b6 {Hi easykiller - don´t be angry, if i like 
to play still any moves !}  29.f3 {OK, janus, no 
problem, we will see ...}  Ke7 30.g3 c5 31.Kd3 {Hi 
again!}  Kd6 {Good morning ! I know I´m late - but 
sometimes I have to work *smile* !}  32.h4 b5 
33.dxc5+ Kxc5 34.a3 Ne5+ 35.Ke3 a5 36.f4 Ng4+ 
37.Kd3 Nf6 38.Ke3 h5 39.Kd3 Ne4 40.Ke3 Nd6 41.Kd3 
Nf5 42.Kc3 d4+ 43.Kd3 b4 44.axb4+ Kxb4 45.Kc2 
Ka3 0-1

[Event "ACL-A144"]
[Site "www.playchess.de"]
[Date "2001.04.17"]
[Round "2"]
[White "fossa"]
[Black "hercos"]
[WhiteElo "1500"]
[BlackElo "1900"]
[PlyCount "66"]
[Result "0-1"]

1.d3 d5 {hi, how are you ?}  2.f4 Nf6 3.e3 g6 4.d4 
Nbd7 5.g3 c5 6.Bg2 Bg7 7.Nc3 e6 8.e4 dxe4 9.Nxe4 
Nxe4 10.Bxe4 Bxd4 11.Nf3 Bg7 12.O-O O-O 13.c3 Qc7 
14.Ng5 Nf6 15.Be3 Nxe4 16.Nxe4 b6 17.Rf2 Rd8 
18.Qc2 Bb7 19.Rd2 Qc6 20.Rad1 Rxd2 21.Rxd2 Qxe4 
22.Qxe4 Bxe4 23.a3 c4 24.Bd4 Bd3 25.Bxg7 Kxg7 
26.Kf2 f5 27.Ke3 Rd8 28.h3 Kf6 29.g4 fxg4 30.hxg4 
e5 31.fxe5+ Kxe5 32.Rh2 g5 33.Rxh7 
Bxh7 0-1

[Event "HCL-B294"]
[Site "www.playchess.de"]
[Date "2001.04.17"]
[Round "3"]
[White "vijal"]
[Black "gronico"]
[WhiteElo "737"]
[BlackElo "1500"]
[PlyCount "56"]
[Result "0-1"]

1.d4 d5 2.Nf3 Nc6 3.Bf4 Nf6 4.c4 e6 5.a3 Bd6 
6.Bxd6 Qxd6 7.Nc3 dxc4 8.e3 Na5 9.Qa4+ Nc6 10.Bxc4 
O-O 11.O-O Bd7 12.Qc2 e5 13.dxe5 Nxe5 14.Nxe5 Qxe5 
15.h3 a6 16.Rfd1 Rad8 17.Bd5 Bf5 18.e4 c6 19.exf5 
cxd5 20.Rde1 Qc7 21.Rac1 d4 22.Ne4 Qxc2 23.Rxc2 d3 
24.Nxf6+ gxf6 25.Rd2 Rd5 26.g4 Rc8 27.Re3 Rc2 
28.Rexd3 Rxd2 0-1

[Event "HCL-C287"]
[Site "www.playchess.de"]
[Date "2001.04.17"]
[Round "8"]
[White "Robs"]
[Black "Cosmonauta"]
[WhiteElo "1000"]
[BlackElo "1000"]
[PlyCount "26"]
[Result "0-1"]

1.d4 d5 2.e3 Nf6 3.Nc3 Bf5 4.Be2 Nc6 5.Bf1 Nb4 
6.Nb5 Nxc2+ 7.Ke2 Nxa1 8.Kd2 Ne4+ 9.Ke2 {lol}  c6 
10.Bd2 cxb5 11.Qxa1 Nxd2 12.Kxd2 Qa5+ 13.Ke2 
e6 0-1

[Event "HCL-B294"]
[Site "www.playchess.de"]
[Date "2001.04.17"]
[Round "9"]
[White "O_Man"]
[Black "gronico"]
[WhiteElo "1170"]
[BlackElo "1500"]
[PlyCount "52"]
[Result "0-1"]

1.e4 g6 2.d4 Bg7 3.Bc4 e6 4.Nc3 Ne7 5.f4 d5 6.Bd3 
Bxd4 7.Nce2 Bg7 8.e5 c5 9.c4 Bd7 10.Qb3 b6 11.Nf3 
d4 12.O-O Bc6 13.Qa3 O-O 14.b4 Nd7 15.b5 Bb7 
16.Qb2 Nf5 17.Bxf5 exf5 18.a4 Re8 19.Bd2 f6 
20.Rae1 Bxf3 21.Rxf3 fxe5 22.fxe5 Bxe5 23.Bf4 Bxf4 
24.Rxf4 d3 25.g4 dxe2 26.gxf5 Qg5+ 0-1

[Event "HCL-A134"]
[Site "www.playchess.de"]
[Date "2001.04.17"]
[Round "5"]
[White "Whatever"]
[Black "One_i"]
[WhiteElo "1561"]
[BlackElo "1708"]
[PlyCount "127"]
[Result "1-0"]

1.e4 {Good to see you again. Have a good game.}  
d5 {Here we go again. Good luck}  2.exd5 Nf6 3.c4 
e6 4.dxe6 Bxe6 5.Nf3 Bc5 6.d4 Bb4+ 7.Bd2 Qe7 8.Qe2 
O-O 9.d5 Bf5 10.Qxe7 Bxe7 11.Nc3 Nbd7 12.O-O-O a6 
13.Bf4 Rac8 14.Nd4 {I'll try to win - this time.}  
Bg6 15.Bd3 Bxd3 16.Rxd3 Rfe8 17.Re1 Nc5 18.Rde3 
Kf8 19.Kc2 Ng4 20.R3e2 Bh4 21.R2xe8+ Rxe8 22.Rxe8+ 
Kxe8 23.f3 Nf2 24.Bxc7 Nfd3 25.Ne4 Ne1+ 26.Kd2 
Nxe4+ 27.fxe4 Nxg2 28.Nf5 Bg5+ 29.Ke2 g6 30.Nd4 
Kd7 31.Bg3 {Let's see how I self-destroy in this 
game.}  Nf4+ {you're up a pawn, I think you got 
this one}  32.Bxf4 {I was a pawn up in most of the 
others too.}  Bxf4 33.h3 g5 34.Nf5 h5 35.Ng7 g4 
36.h4 Bg3 {You're not playing according to my 
plan!}  37.Nxh5 Bxh4 38.e5 Bg5 39.Kf2 Bc1 40.b3 
{I'm sorry, but if you don't tell me what your 
plan is ----I'm not responsible}  Bb2 41.Nf6+ Kc7 
42.Nxg4 Kd7 43.Ke3 Ba3 44.Ke4 Bc5 45.Kf5 Bd4 
46.Nf6+ Ke7 47.Ne4 b6 48.d6+ Kd7 49.Kf6 a5 50.Ng5 
Bxe5+ 51.Kxe5 f6+ 52.Kxf6 Kxd6 53.Ne4+ Kc6 54.Ke5 
b5 55.Kd4 b4 56.c5 Kb5 57.Nd6+ Ka6 58.Kc4 a4 
59.Kxb4 axb3 60.axb3 Ka7 61.Kb5 Kb8 62.Kb6 Ka8 
63.c6 Kb8 64.c7+ 1-0

[Event "HCL-A134"]
[Site "www.playchess.de"]
[Date "2001.04.17"]
[Round "6"]
[White "janus"]
[Black "Whatever"]
[WhiteElo "1918"]
[BlackElo "1561"]
[PlyCount "80"]
[Result "0-1"]

1.e4 {Hello from Germany ! Good luck to you and a 
thrilling game for us !!}  c5 {You read my mind. 
That's what I wanted to say. Let's go.}  2.Nf3 {Ok 
- let´s start to a nice sicilian !!}  Nc6 {You 
recognized it - I thought I'd surprise you - lol.} 
 3.d4 {Your defence is not a surprise for me - I´m 
looking forward to a hard fight ;-)) !!}  cxd4 
{I'll give what I have - but it's not much :-)}  
4.Nxd4 {Ok - let´s play, see and wait ;-)) !!}  g6 
5.Nc3 Bg7 6.Be3 Nf6 7.Bc4 O-O 8.Bb3 d6 9.f3 Bd7 
{You are a fast player. That's good.}  10.Qd2 {I 
like to play fast, cause  otherwise it´s to bore 
for me ;-)) !}  Nxd4 11.Bxd4 b5 12.h4 h5 13.O-O-O 
e6 14.g4 a5 15.a4 b4 16.Ne2 hxg4 17.h5 gxf3 18.h6 
e5 19.hxg7 {It´s an obscure position and a very 
thrilling game !!!}  Ng4 {So many mates so little 
time.}  20.Qh6 {Yes - Rh8 is also mate in two 
moves. Thank you for the fine game !!}  Nxh6 {This 
is at least not mate in two.}  21.gxf8Q+ {%}  Qxf8 
22.Nf4 {Qh6 was a big mistake - I´ve made the 
second move before the first !!!}  Kg7 23.Be3 Ng4 
24.Nd5 Nxe3 25.Nxe3 Be6 26.Bd5 Qe7 27.Bxa8 Qa7 {I 
desperatly try to help you back in to the game.}  
28.Nd5 {Thank you - but I Think, that you are 
standing nevertheless better !!!}  Qxa8 29.Rd3 g5 
30.Rxf3 Bxd5 31.exd5 Qxd5 32.Rhf1 Qe6 33.Rg3 g4 
34.Rd3 e4 35.Rd4 e3 36.Re1 f5 37.c3 Qe5 38.Kd1 
bxc3 39.bxc3 Kg6 {True correspondence chess in the 
internet age :-)}  40.Kc2 {I like it very much - 
in the next move I give up ! Congratulations !!}  
f4 {Thank you - but you are a very strong player.} 
 0-1

[Event "HCL-B279"]
[Site "www.playchess.de"]
[Date "2001.04.17"]
[Round "7"]
[White "whatsleft2"]
[Black "herrDokter"]
[WhiteElo "1814"]
[BlackElo "1184"]
[PlyCount "41"]
[Result "1-0"]

1.e4 {hi again and goodluck}  e5 {thanks nice game 
last time}  2.Nf3 Nc6 3.d4 exd4 4.c3 dxc3 5.Bc4 
Nh6 6.Nxc3 Bc5 7.Bxh6 gxh6 8.Bxf7+ Kxf7 9.Qd5+ Ke8 
10.Qxc5 d6 11.Qh5+ Kd7 12.Qxh6 Qg8 13.Nd5 Qxg2 
14.Rg1 Qxf3 15.Rg7+ Ne7 16.Rxe7+ {if my attack 
dies  it will not look good for me goodgame so 
far}  Kc6 {thank you, you've got a nice attack 
going i hope it does die, no offense.}  17.Rxc7+ 
Kb5 18.a4+ Ka6 {i guess your attack isn't going to 
die}  19.Qxd6+ {no it looks like i can keep 
checking you}  b6 20.Rxa7+ {goodgame}  Rxa7 {thank 
you i look forward to our next match i promise 
some improvements}  21.Qxb6+ 1-0

[Event "HCL-B279"]
[Site "www.playchess.de"]
[Date "2001.04.17"]
[Round "21"]
[White "vijal"]
[Black "King_Slayer"]
[WhiteElo "799"]
[BlackElo "1204"]
[PlyCount "62"]
[Result "0-1"]

1.e4 e6 2.d4 d5 3.exd5 exd5 4.Nf3 Bd6 5.Bd3 Bg4 
6.h3 Bh5 7.Be3 Ne7 8.Nc3 Qd7 9.O-O Nbc6 10.Be2 
O-O-O 11.Nb5 a6 12.Nxd6+ Qxd6 13.c4 Nf5 14.c5 Qe7 
15.Qd3 Bg6 16.Qa3 Rhe8 17.Bxa6 bxa6 18.Qxa6+ Kd7 
19.Qb5 Rdb8 20.Qa4 f6 21.b3 Nxe3 22.fxe3 Qxe3+ 
23.Kh1 Be4 24.Rae1 Qf4 25.Ne5+ fxe5 26.Rxf4 exf4 
27.Kg1 Rba8 28.Qb5 Rxa2 29.Re2 Rb8 30.Qxb8 Ra1+ 
31.Kf2 Nxb8 0-1

[Event "ACL-A158"]
[Site "www.playchess.de"]
[Date "2001.04.17"]
[Round "7"]
[White "Karen"]
[Black "fossa"]
[WhiteElo "1500"]
[BlackElo "1500"]
[PlyCount "47"]
[Result "1-0"]

1.e4 e6 2.d4 c5 3.Nf3 Nc6 4.d5 Qa5+ 5.Bd2 Qb6 
6.dxc6 Qxb2 7.Bc3 Qb6 8.cxd7+ Bxd7 9.Ne5 Qd8 
10.Nxd7 Qxd7 11.Qxd7+ Kxd7 12.Bb5+ Kc7 13.O-O f6 
14.Nd2 g6 15.Nb3 b6 16.Rfd1 Rd8 17.Rxd8 Kxd8 
18.Rd1+ Kc8 19.Bd7+ Kb7 20.Bxe6 h5 21.Rd7+ Kc6 
22.Rd8 Be7 23.Rxg8 Rxg8 24.Bxg8 1-0

[Event "ACL-E013"]
[Site "www.playchess.de"]
[Date "2001.04.17"]
[Round "5"]
[White "Allesnehmer"]
[Black "Gandalf_9417"]
[WhiteElo "2083"]
[BlackElo "1905"]
[PlyCount "43"]
[Result "1-0"]

1.e4 c6 2.d4 d5 3.e5 Bf5 4.Nc3 e6 5.g4 Bg6 6.Nge2 
c5 7.h4 h6 8.Be3 Nc6 9.dxc5 Nxe5 10.Nf4 Bh7 
11.Bb5+ Nc6 12.Qe2 Qc7 13.O-O-O a6 14.Nfxd5 exd5 
15.Bg5+ Nge7 16.Nxd5 Qc8 17.Nxe7 Qe6 18.Nd5 Bd6 
19.cxd6 Qxe2 20.Bxe2 hxg5 21.Nc7+ Kd7 
22.Nxa8 1-0

[Event "HCL-C291"]
[Site "www.playchess.de"]
[Date "2001.04.17"]
[Round "1"]
[White "waspranger"]
[Black "fossa"]
[WhiteElo "1259"]
[BlackElo "951"]
[PlyCount "47"]
[Result "1-0"]

1.Nf3 e6 2.e4 c5 3.d4 Nc6 4.d5 exd5 5.exd5 Qe7+ 
6.Be2 Ne5 7.O-O b6 8.d6 Qxd6 9.Nxe5 Qxe5 10.Bf3 
Rb8 11.Re1 Qxe1+ 12.Qxe1+ Be7 13.Qe5 d6 14.Qxg7 
Bf6 15.Bc6+ Bd7 16.Bxd7+ Kxd7 17.Qxf7+ Kc6 18.Nc3 
Rb7 19.Qd5+ Kc7 20.Bf4 Be7 21.Nb5+ Kb8 22.Nxd6 
Bxd6 23.Qxd6+ Ka8 24.Qf8+ 1-0